000 01545naa a22003497a 4500
001 BR8400606
003 BR-BrBNA
005 20240918175416.0
007 ta
008 230509b bl.||||| |||| 00| 0 por d
040 _aBR-BrBNA
_bpor
_cBiblioteca Nacional de Agricultura
041 _a(Pt)
072 _aH20
_b0334
_b3575
_b4110
_bG514
090 _aH20 BR8400606
100 1 _aSchuck, E.
100 1 _aPinheiro, J.M.
100 1 _aJobim, C.I.P.
100 1 _aMoura, M.A.
111 1 _a1. Reuniao Tecnica Anual de Culturas Energeticas do IPAGRO
_cPorto Alegre, RS (Brazil)
_d26 Apr 1983
245 1 _aXanthomonas campestris Dows em sementes de colza (Brassica napus L. var. Oleifera Metzg)[semente, Rio Grande do Sul, Brasil]
246 1 _a[Xanthomonas campestris Dows in rape seeds (Brassica napus L. var. Oleifera Metzg)[seed, Rio Grande do Sul, Brazil]]
246 1 _a[Energetic crops (sunflower, rape, cassava, saccharine sorghum, sugar beetroot)]
_bExperimental results 1982/83
260 3 _aPorto Alegre, RS (Brasil):
_c1983.
500 _aCulturas energeticas (girassol, colza, mandioca, sorgo sacarino, beterraba acucareira) Porto Alegre, RS (Brasil): 1983. p. 131-132 (BR8400606-AM)H20
650 _aSEMENTE
650 _aBACTERIA
650 _aCOLZA
650 _aRIO GRANDE DO SUL
773 0 _tCulturas energeticas (girassol, colza, mandioca, sorgo sacarino, beterraba acucareira)
_b
_wH20 BR8400606
_gPorto Alegre, RS (Brasil), 1983. p. 131-132
909 _a202404
_bLucia
_c55
_dLucia Elande
942 _cAM
_2AGRIS
999 _c316570
_d316570